000 02102nam0a2200421 4500
001 RU\NLR\BIBL_A\022567208
005 20250709111249.0
010 _a978-5-02-041164-7
_91000
021 _aRU
_bКН-П-25-024231
_9КН-П-25-2419
035 _a(NLR Aleph) 022567208
090 _a13450966
_c13450966
100 _a20250616d2025 k y0rusy50 ca
101 0 _arus
102 _aRU
105 _aach z 010zd
181 0 _ai
_bxxxe
182 0 _an
200 1 _aАкадемическая наука – фронту
_e[Академия наук СССР в период Великой Отечественной войны]
_eк 80-летию Победы в Великой Отечественной войне, 1941–1945
_fРоссийское историческое общество
_gпод редакцией члена-корреспондента РАХ Н. Н. Федосеенкова
_gсост. М. О. Смирнова
203 _aТекст
_bвизуальный
_cнепосредственный
205 _a2-е изд, доп.
210 _aМосква
_cНаука
_d2025
215 _a292, [1] c.
_cил., портр., факс.
_d25
300 _aНа тит. с. также в надзаг.: Рос. акад. наук, 300 лет
320 _aБиблиогр. в примеч. в конце лит. ст.
601 0 2 _aАН СССР
_xЧлены
_jВоспоминания, записки и т.п
_2nlr_sh2
_3RU\NLR\AUTH\6621526
601 0 2 _aАН СССР
_z1941 - 1945
_2nlr_sh2
_3RU\NLR\AUTH\6601585131
686 1 _aЧ214(2)711
702 1 _aФедосеенков
_bН. Н.
_gНиколай Николаевич
_4340
702 1 _aСмирнова
_bМ. О.
_cисторик
_3RU\NLR\AUTH\770281896
_4220
711 0 2 _aАН СССР
_3RU\NLR\AUTH\881046
712 0 2 _aРоссийское историческое общество
_3RU\NLR\AUTH\880380941
_4570
942 _cBOOK
980 _aNB
980 _aNB